[Event "Niederbayernliga 1516"]
[Site "Bayern"]
[Date "2015.11.15"]
[Round "3.5"]
[White "Kin, Andrej"]
[Black "Reidl, Fabian"]
[Result "1-0"]
[WhiteElo "1749"]
[BlackElo "1545"]
[PlyCount "57"]
[EventDate "2015.10.11"]
[EventType "team-tourn"]
[EventRounds "9"]
[EventCountry "GER"]
[SourceTitle "EXT 2023"]
[Source "ChessBase"]
[SourceDate "2022.10.05"]
[SourceVersion "1"]
[SourceVersionDate "2022.10.05"]
[SourceQuality "1"]
[WhiteTeam "Roehrnbach II"]
[BlackTeam "Landau Dingolfing II"]
[WhiteTeamCountry "GER"]
[BlackTeamCountry "GER"]

1. d4 d5 2. c4 e6 3. Nf3 Nf6 4. cxd5 exd5 5. Bg5 Be7 6. e3 Bg4 7. Be2 h6 8. Bh4 g5 9. Bg3 Ne4 10. Nbd2 Nxg3 11. hxg3 Nc6 12. a3 a6 13. Rc1 Bd6 14. Qb3 Ra7 15. Qxd5 Ne7 16. Qb3 Be6 17. Bc4 Bxc4 18. Nxc4 f6 19. Ncd2 Qd7 20. e4 Ng6 21. Qe3 b6 22. e5 fxe5 23. dxe5 Bc5 24. Qe4 Qg7 25. b4 Be7 26. Rc6 Kf7 27. Qf5+ Ke8 28. Rxg6 Rf8 29. Qc8+ 1-0

[Event "Niederbayernliga 1112"]
[Site "Bayern"]
[Date "2012.??.??"]
[Round "8"]
[White "Senff, Rudolf"]
[Black "Kin, Andrej"]
[Result "1-0"]
[WhiteElo "1718"]
[BlackElo "1737"]
[PlyCount "79"]
[EventDate "2011.10.??"]
[EventType "team-tourn"]
[EventRounds "9"]
[EventCountry "GER"]
[SourceTitle "EXT 2023"]
[Source "ChessBase"]
[SourceDate "2022.10.05"]
[SourceVersion "1"]
[SourceVersionDate "2022.10.05"]
[SourceQuality "1"]
[WhiteTeam "Landau Dingolfing"]
[BlackTeam "Roehrnbach"]
[WhiteTeamCountry "GER"]
[BlackTeamCountry "GER"]

1. Nf3 Nf6 2. g3 g6 3. Bg2 Bg7 4. 0-0 0-0 5. c4 c5 6. d4 cxd4 7. Nxd4 Nc6 8. Nc3 a6 9. h3 Qc7 10. Nxc6 dxc6 11. Qc2 Be6 12. Bf4 Qc8 13. Na4 Qe8 14. Nc5 Bc8 15. Rad1 Nd7 16. Ne4 h6 17. Rd2 f5 18. Nc3 e5 19. Be3 f4 20. gxf4 exf4 21. Bd4 Nf6 22. Qb3 Kh7 23. Rfd1 Rf7 24. Bxf6 Bxf6 25. Ne4 Be7 26. c5 Rb8 27. Rd8 Bxd8 28. Rxd8 Qe7 29. Qd3 Rf8 30. Rd6 Bf5 31. Qd4 Qg7 32. Nf6+ Kh8 33. e4 fxe3 34. fxe3 Bb1 35. a3 Rf7 36. e4 Ba2 37. e5 Rc7 38. Rd8+ Rxd8 39. Qxd8+ Bg8 40. Nxg8 1-0

[Event "Regionalliga NW 0203"]
[Site "Bayern"]
[Date "2003.03.09"]
[Round "8.7"]
[White "Kin, Andrej"]
[Black "Gies, Hans Joerg"]
[Result "1/2-1/2"]
[WhiteElo "1831"]
[BlackElo "1821"]
[PlyCount "62"]
[EventDate "2002.10.20"]
[EventType "team-tourn"]
[EventRounds "9"]
[EventCountry "GER"]
[SourceTitle "EXT 2004"]
[Source "ChessBase"]
[SourceDate "2003.11.25"]
[SourceVersion "1"]
[SourceVersionDate "2003.11.25"]
[SourceQuality "1"]
[WhiteTeam "Bayreuth"]
[BlackTeam "Klingenberg"]
[WhiteTeamCountry "GER"]
[BlackTeamCountry "GER"]

1. e4 c5 2. Nf3 d6 3. d4 cxd4 4. Nxd4 Nf6 5. Nc3 g6 6. Be3 Bg7 7. Bc4 0-0 8. 0-0 Nc6 9. a3 Nxd4 10. Bxd4 Be6 11. Bxe6 fxe6 12. e5 Ne8 13. Qe2 Nc7 14. Rad1 d5 15. h4 Qd7 16. h5 gxh5 17. Qxh5 Nb5 18. Nxb5 Qxb5 19. Rd3 Qc4 20. Qd1 Rac8 21. c3 Rf5 22. Rg3 Rcf8 23. Qg4 R8f7 24. Re1 a5 25. Rh3 Rxf2 26. Qxe6 Rf1+ 27. Rxf1 Qxf1+ 28. Kh2 Qf4+ 29. Kh1 Qf1+ 30. Bg1 Qc4 31. Bd4 Qf1+ 1/2-1/2

[Event "Regionalliga NW 0203"]
[Site "Bayern"]
[Date "2003.02.09"]
[Round "6.7"]
[White "Kin, Andrej"]
[Black "Stauch, Frank"]
[Result "0-1"]
[WhiteElo "1831"]
[BlackElo "2000"]
[PlyCount "118"]
[EventDate "2002.10.20"]
[EventType "team-tourn"]
[EventRounds "9"]
[EventCountry "GER"]
[SourceTitle "EXT 2004"]
[Source "ChessBase"]
[SourceDate "2003.11.25"]
[SourceVersion "1"]
[SourceVersionDate "2003.11.25"]
[SourceQuality "1"]
[WhiteTeam "Bayreuth"]
[BlackTeam "Kronach"]
[WhiteTeamCountry "GER"]
[BlackTeamCountry "GER"]

1. e4 c6 2. d4 d5 3. e5 Bf5 4. Bd3 Bxd3 5. Qxd3 e6 6. Nf3 Qa5+ 7. Bd2 Qa6 8. Qe3 Nd7 9. b3 Rc8 10. Nc3 c5 11. Ne2 Ne7 12. 0-0 Nf5 13. Qd3 c4 14. bxc4 Qxc4 15. Qxc4 Rxc4 16. c3 Be7 17. a4 0-0 18. a5 Rfc8 19. Rfb1 R4c7 20. g4 Nh6 21. h3 Kf8 22. Nh2 b6 23. axb6 Nxb6 24. f4 Nc4 25. Bc1 a5 26. Ra4 f6 27. exf6 gxf6 28. f5 Nf7 29. fxe6 Ng5 30. Nf4 Rd8 31. Rb5 Ne4 32. Nxd5 Rxd5 33. Rxd5 Nxc3 34. Bh6+ Ke8 35. Rxc4 Nxd5 36. Ra4 Bb4 37. Nf3 Ke7 38. h4 Kxe6 39. g5 Rc1+ 40. Kf2 Rh1 41. Ra2 Nc3 42. Kg2 Rd1 43. Rd2 Rxd2+ 44. Nxd2 fxg5 45. Bxg5 a4 46. Kf3 Kd5 47. Ke3 Nd1+ 48. Kd3 h5 49. Kc2 Nf2 50. Be3 Ng4 51. Bg1 Be7 52. Kc3 Bxh4 53. Nc4 Bf2 54. Nb6+ Ke4 55. Bxf2 Nxf2 56. Nxa4 h4 57. Nc5+ Kd5 58. Nd7 Ne4+ 59. Kd3 h3 0-1